HALİKARNAS BALIKCISI (Record no. 845794)
[ view plain ]
| 000 -LEADER | |
|---|---|
| sabit uzunluktaki kontrol alanı | 00246nam a2200097Ia 4500 |
| 001 - KONTROL NUMARASI | |
| kontrol alanı | 845794 |
| 005 - EN SON İŞLEMİN TARİH VE ZAMANI | |
| kontrol alanı | 20250826173327.0 |
| 008 - SABİT-UZUNLUKTA VERİ ÖĞELERİ--GENEL BİLGİ | |
| sabit uzunluktaki kontrol alanı | 250824s9999 xx 000 0 und d |
| 245 #0 - ESER / YAZAR | |
| ESER ADI | HALİKARNAS BALIKCISI |
| Yazar Adı | ŞADAN GÖKOVALI |
| 260 ## - YAYIN, DAĞITIM, VB. | |
| YAYIN EVİ | DAMLA YAYINLARI |
| Düşüm durumu | Kayıp durumu | Hasar Durumu | Ödünç verilmez | Ana kütüphane | Geçerli Kütüphane | Edinilen tarih | Toplam ödünç verme sayısı | Barkod | Son görüntüleme tarihi | Fiyatın geçerli olmaya başladığı tarih | Koha materyal türü | Sınıflandırma Kaynağı veya raf şeması | Tam yer numarası |
|---|---|---|---|---|---|---|---|---|---|---|---|---|---|
| ADNAN HADİYE SÜRMEGÖZ ORTAOKULU | ADNAN HADİYE SÜRMEGÖZ ORTAOKULU | 24.08.2025 | 10592080 | 26.08.2025 | 26.08.2025 | Books | |||||||
| MAREŞAL MUSTAFA KEMAL ORTAOKULU | MAREŞAL MUSTAFA KEMAL ORTAOKULU | 23.02.2026 | 106518429 | 23.02.2026 | 23.02.2026 | Books | Dewey Ondalık Sınıflama | G2 |